00365 2200145 4500001002100000005001500021035002000036245004600056100002000102250000600122260004500128082000800173084001400181990002400195INLIS00000000000253920250604121752 a0010-06250001251 aMalam Terang Benderang /cNawawi A. Manan0 aNawawi A. Manan a1 aJakarta :bTropicasurya Inticipta,c2000 a800 a800 NAW m a00.0288 s/d 00.0290